Les départements possédant le plus gros parc photovoltaïque - Statistiques

Statistiques générales
  • Ce quiz a été pris 329 fois
    60 depuis la dernière actualisation
  • Le résultat moyen est 7 sur 10
Statistiques - réponses
Département Puissance (MW) % Correct
Var 632
88%
Hérault 632
86%
Gard 601
81%
Gironde 1185
81%
Landes 1146
79%
Bouches-du-Rhône 835
75%
Pyrénées-Orientales 502
61%
Haute-Garonne 649
54%
Vendée 549
35%
Allier 574
12%
Aucun quiz correspondant
Distribution des résultats
% des personnes avec chaque résultat
Percentile par nombre de réponses
Votre historique - résultats
Vous n’avez pas pris ce quiz depuis la dernière actualisation